000 00360nam a2200133 i 4500
001 bg
100 1 _aWOLFGANG, Leithe
245 0 _aDie Analyse der organischen Verunreinigungen in Trink, Brauch u. Abwassern /
_cLeithe Wolfgang.
260 _aStuttgart,
_c1972.
040 _cBPK
041 _apol
942 _cKS
008 s pl f |000 0 pol
999 _c15574
_d15574
856 _uhttp://koha.tu.koszalin.pl/cgi-bin/koha/opac-detail.pl?biblionumber=15574
_yKatalog online BPK